000 01519nam a2200481 i 4500
001 768714001
003 CO-MdFUSB
005 20250226115705.0
008 151222s2011 flu | |||| 000 0 spa
017 _aB 20899-2015
_bOficina Depósito Legal Barcelona
020 _a9780829758993
040 _aSpMaBN
_bspa
_cCO-MdFUSB
_erdc
_dCO-MdFUSBC
041 1 _aspa
_heng
080 _a27-184.6
080 _a27-317.3
082 _224
_a234
_bK29d
100 1 _aKeller, Timothy
_d1950-
_eautor
240 1 4 _aThe prodigal God.
245 1 3 _aEl Dios pródigo
_b: recuperemos el corazón de la fe cristiana
_c/ Timothy Keller ; traducido por Santiago Ochoa
250 _aPrimera edición
264 1 _aMiami, Florida :
_bVida,
_c[2011]
264 4 _c©2011
300 _a112 páginas.
_c; 23 cm
336 _atexto
_2rdacontent
_btxt
337 _asin mediación
_2rdadmedia
_bn
338 _2rdacarrier
_avolumen
_bnc
505 _gLas
_tPersonas al rededor de Jesús.
505 _tRedefinición de pecado.
505 _gLos
_tdos hijos perdidos.
505 _tRedefiniendo el pecado
505 _tRedefiniendo la perdición.
505 _tEl verdadero hermano mayor.
505 _tRedefiniendo la esperanza.
505 _tEl festín del padre.
563 _arústico
650 7 _aGracia (Teología)
_2embne
650 7 _aHijo pródigo (Parábola)
_2embne
720 _aCook, Ruth
_etraductor
942 _cBK
945 _aJTF-925
999 _c63859
_d63859